| 000 | 02265cam a2200541 a 4500 | ||
|---|---|---|---|
| 999 |
_c328639 _d328639 |
||
| 001 | 15315178 | ||
| 003 | Nust | ||
| 005 | 20170412162301.0 | ||
| 008 | 080604s2008 nyu d 000 1 eng | ||
| 010 | _a 2008016435 | ||
| 020 | _a9780755346707 | ||
| 020 | _a0316113476 | ||
| 020 | _a9780316113472 | ||
| 035 | _a(OCoLC)ocn229099467 | ||
| 035 |
_a(OCoLC)229099467 _z(OCoLC)181603180 |
||
| 040 |
_aDLC _cDLC _dIG# _dVPW _dBAKER _dBTCTA _dDLC |
||
| 042 |
_alcac _alcac |
||
| 050 | 0 | 0 |
_aPZ7.V94 _bTem 2008 |
| 082 | 0 | 0 |
_a813.6 _bZIE |
| 100 | 1 | _aVon Ziegesar, Cecily. | |
| 245 | 1 | 0 |
_aTempted : _ban It Girl novel / _ccreated by Cecily von Ziegesar. |
| 250 | _a1st ed. | ||
| 260 |
_aNew York : _bLittle, Brown and Co., _c2008. |
||
| 300 |
_a313 p. ; _c21 cm. |
||
| 500 | _a"Poppy." | ||
| 500 | _aIncludes excerpt from: Gossip girl : the Carlyles. | ||
| 520 | _aBeginning with Waverly Academy's annual Halloween ball, Jenny, who is still seeking her mysterious benefactor, watches her own popularity soar as Tinsley's plummets, while Callie finds herself at a Maine "health spa." | ||
| 650 | 0 |
_aConduct of life _vFiction. |
|
| 650 | 0 |
_aInterpersonal relations _vFiction. |
|
| 650 | 0 |
_aBoarding schools _vFiction. |
|
| 650 | 0 |
_aSchools _vFiction. |
|
| 650 | 0 |
_aArson _vFiction. |
|
| 650 | 0 |
_aPrivate schools _vFiction. |
|
| 650 | 0 |
_aPopularity _vFiction. |
|
| 650 | 0 |
_aWealth _vFiction. |
|
| 650 | 0 |
_aDating (Social customs) _vFiction. |
|
| 650 | 1 |
_aPopularity _vFiction. |
|
| 650 | 1 |
_aInterpersonal relations _vFiction. |
|
| 650 | 1 |
_aBoarding schools _vFiction. |
|
| 650 | 1 |
_aSchools _vFiction. |
|
| 650 | 1 |
_aHalloween _vFiction. |
|
| 651 | 0 |
_aNew York (State) _vFiction. |
|
| 651 | 1 |
_aNew York (State) _vFiction. |
|
| 856 | 4 | 2 |
_3Contributor biographical information _uhttp://www.loc.gov/catdir/enhancements/fy0834/2008016435-b.html |
| 856 | 4 | 2 |
_3Publisher description _uhttp://www.loc.gov/catdir/enhancements/fy0834/2008016435-d.html |
| 906 |
_a7 _bcbc _corignew _d1 _eecip _f20 _gy-gencatlg |
||
| 942 |
_2ddc _cBK |
||